000 00538nam a22001697a 4500
999 _c40597
_d40597
003 OSt
005 20201119111347.0
008 191014b ||||| |||| 00| 0 eng d
020 _a9789388292177
040 _coclc
082 _a954.0533092
_bTHA/P
100 _aTharoor, Shashi
_91771
_d1956-
245 _aThe Paradoxical Prime Minister Narendra Modi And His India /
_cShashi Tharoor
260 _aNew Delhi:
_bAleph Books,
_c2018.
300 _a504p
942 _2ddc
_cBK
_h954.0533092
_iTHA/P
_k954.0533092
_mTHA/P